[Event "VIE-ch (Women)"]
[Site "Tinh Bac Giang"]
[Date "2022.02.28"]
[Round "8"]
[White "Vo, Thi Kim Phung"]
[Black "Pham, Thi Thu Hien"]
[Result "1/2-1/2"]
[WhiteElo "2335"]
[BlackElo "2091"]
[PlyCount "58"]
[EventDate "2022.02.28"]
[EventType "swiss"]
[EventRounds "9"]
[EventCountry "VIE"]
[SourceTitle "CBM 207 Extra"]
[Source "ChessBase"]
[SourceDate "2022.05.31"]
[SourceVersion "1"]
[SourceVersionDate "2022.05.31"]
[SourceQuality "1"]

1. d4 d5 2. c4 e6 3. Nc3 Nf6 4. Bg5 Be7 5. e3 0-0 6. Nf3 Nbd7 7. cxd5 exd5 8. Qc2 c6 9. Bd3 Re8 10. 0-0 Nf8 11. Ne5 N6d7 12. Bf4 Nxe5 13. Bxe5 Bd6 14. Bxd6 Qxd6 15. Rab1 a5 16. Bf5 Bxf5 17. Qxf5 Qe6 18. Qxe6 Nxe6 19. b3 Ng5 20. Rfc1 Ne4 21. Nxe4 dxe4 22. a4 f6 23. g3 Kf7 24. b4 axb4 25. Rxb4 Ra7 26. Rcb1 Re7 27. a5 Ke6 28. Rb6 Kd6 29. Ra1 Kc7 1/2-1/2

[Event "Hanoi (Women) op 12"]
[Site "Hanoi"]
[Date "2022.??.??"]
[Round "5"]
[White "Pham, Thi Thu Hien"]
[Black "Nguyen, Hong Anh"]
[Result "0-1"]
[WhiteElo "2110"]
[BlackElo "1987"]
[PlyCount "80"]
[EventDate "2022.12.11"]
[EventType "swiss"]
[EventRounds "9"]
[EventCountry "VIE"]
[SourceTitle "CBM 211 Extra"]
[Source "ChessBase"]
[SourceDate "2023.01.31"]
[SourceVersion "1"]
[SourceVersionDate "2023.01.31"]
[SourceQuality "1"]

1. e4 c5 2. Nf3 d6 3. Bb5+ Bd7 4. Bxd7+ Qxd7 5. c4 Nc6 6. Nc3 g6 7. d4 Bg7 8. Be3 b6 9. d5 Bxc3+ 10. bxc3 Na5 11. Qd3 Nf6 12. h3 Qa4 13. Nd2 Nd7 14. f4 0-0-0 15. 0-0 h6 16. e5 dxe5 17. fxe5 Nxe5 18. Qe4 f6 19. d6 exd6 20. Qa8+ Kd7 21. Qxa7+ Kc6 22. Rxf6 Nd7 23. Rf7 Qc2 24. Rb1 Nxc4 25. Rb3 Nxd2 26. Qa4+ Kd5 27. Bxd2 Ne5 28. Rf2 Ra8 29. Qh4 g5 30. Qg3 Qd1+ 31. Kh2 Rxa2 32. c4+ Kc6 33. Qe3 Qh5 34. Qe4+ Kc7 35. Be1 Rxf2 36. Bxf2 Qg6 37. Qe2 Ra8 38. Bg3 Qf5 39. Re3 Re8 40. Ra3 Kb7 0-1

[Event "Hanoi (Women) op 12"]
[Site "Hanoi"]
[Date "2022.??.??"]
[Round "8"]
[White "Pham, Thi Thu Hien"]
[Black "Nguyen, Ngoc Hien1111"]
[Result "1-0"]
[WhiteElo "2110"]
[BlackElo "1377"]
[PlyCount "89"]
[EventDate "2022.12.11"]
[EventType "swiss"]
[EventRounds "9"]
[EventCountry "VIE"]
[SourceTitle "CBM 211 Extra"]
[Source "ChessBase"]
[SourceDate "2023.01.31"]
[SourceVersion "1"]
[SourceVersionDate "2023.01.31"]
[SourceQuality "1"]

1. e4 e6 2. d4 d5 3. e5 c5 4. c3 Nc6 5. Nf3 Bd7 6. a3 f6 7. Bd3 c4 8. Bc2 Qc7 9. Qe2 0-0-0 10. 0-0 Nge7 11. a4 Ng6 12. Re1 Be7 13. b3 cxb3 14. Bxb3 fxe5 15. Nxe5 Ngxe5 16. dxe5 Rdf8 17. Ba3 Rf5 18. Bxe7 Rxe5 19. Qd2 Rxe1+ 20. Qxe1 Nxe7 21. Na3 a6 22. Nc2 Nf5 23. Nb4 Rf8 24. h3 Nh4 25. Qe3 Nf5 26. Qd2 Be8 27. Re1 Bd7 28. Bc2 h6 29. Re2 Qb6 30. Qf4 Qd6 31. Qd2 Rf6 32. Nd3 Qc7 33. Ne5 Nd6 34. Qd4 Nf5 35. Qa7 Kd8 36. Ng4 Rf8 37. Bxf5 Rxf5 38. Qd4 Qc4 39. Qb6+ Ke7 40. Re3 Qxa4 41. Qxb7 Qb5 42. Qa7 Kf8 43. Qa8+ Be8 44. Rxe6 a5 45. Ne3 1-0

[Event "VIE-ch (Women)"]
[Site "Ho Chi Minh City"]
[Date "2019.05.07"]
[Round "6"]
[White "Pham, Thi Thu Hien"]
[Black "Doan, Thi Van Anh"]
[Result "0-1"]
[WhiteElo "2090"]
[BlackElo "1968"]
[PlyCount "114"]
[EventDate "2019.05.02"]
[EventType "swiss"]
[EventRounds "9"]
[EventCountry "VIE"]
[SourceTitle "CBM 190 Extra"]
[Source "ChessBase"]
[SourceDate "2019.07.15"]
[SourceVersion "1"]
[SourceVersionDate "2019.07.15"]
[SourceQuality "1"]

1. e4 e5 2. Nf3 Nc6 3. c3 d5 4. Qa4 f6 5. d3 Be6 6. Be2 Bd6 7. 0-0 Nge7 8. Be3 0-0 9. Re1 Ng6 10. exd5 Bxd5 11. Qb5 Nce7 12. c4 Bc6 13. Qb3 b6 14. Nc3 Kh8 15. Nb5 Nf5 16. d4 Bxb5 17. cxb5 e4 18. Nd2 Nxe3 19. fxe3 f5 20. Nc4 f4 21. exf4 Bxf4 22. Rad1 Bd6 23. Nxd6 cxd6 24. d5 Qf6 25. Rf1 Nf4 26. Qe3 Qxb2 27. Rxf4 Rxf4 28. Qxf4 Qxe2 29. Rf1 Rg8 30. a4 Qc4 31. Qxd6 Qxa4 32. Qe6 Qxb5 33. Qxe4 h6 34. h4 Rd8 35. h5 a5 36. Rf7 Qc5+ 37. Kh2 Qd6+ 38. Kh3 Kg8 39. Re7 Rf8 40. Re6 Qd7 41. Kh2 b5 42. d6 Qf7 43. Qe5 Kh7 44. Qe4+ Qf5 45. Qe2 Qf4+ 46. Kh3 Qf5+ 47. Kh2 Rd8 48. Re5 Qf4+ 49. g3 Qf7 50. Rxb5 a4 51. Qc2+ Kh8 52. Ra5 a3 53. g4 Qf4+ 54. Kh3 Qf3+ 55. Kh2 Re8 56. Rxa3 Qxa3 57. d7 Qd6+ 0-1

[Event "VIE-ch (Women)"]
[Site "Ho Chi Minh City"]
[Date "2019.05.02"]
[Round "2"]
[White "Pham, Thi Thu Hien"]
[Black "Vo, Thi Kim Phung"]
[Result "1/2-1/2"]
[WhiteElo "2090"]
[BlackElo "2337"]
[PlyCount "83"]
[EventDate "2019.05.02"]
[EventType "swiss"]
[EventRounds "9"]
[EventCountry "VIE"]
[SourceTitle "CBM 190 Extra"]
[Source "ChessBase"]
[SourceDate "2019.07.15"]
[SourceVersion "1"]
[SourceVersionDate "2019.07.15"]
[SourceQuality "1"]

1. e4 e6 2. d4 d5 3. Nd2 Nf6 4. e5 Nfd7 5. Bd3 c5 6. c3 Nc6 7. Ne2 Be7 8. 0-0 a5 9. f4 cxd4 10. cxd4 Qb6 11. Nf3 a4 12. Kh1 Nb4 13. Bb1 g6 14. Nc3 a3 15. bxa3 Nc6 16. Qb3 Na5 17. Qa4 Qc6 18. Qxc6 bxc6 19. Bd3 Ba6 20. Bxa6 Rxa6 21. Rb1 Nb6 22. Rf2 0-0 23. Nd2 Rfa8 24. g4 Nac4 25. Nxc4 Nxc4 26. a4 Rb6 27. Rxb6 Nxb6 28. f5 Nxa4 29. Nxa4 Rxa4 30. f6 Bf8 31. Rc2 Rxd4 32. Rxc6 Rc4 33. Rxc4 dxc4 34. Kg2 Bb4 35. Kf3 Bc3 36. Ke4 Kf8 37. Be3 Ke8 38. Bd4 Be1 39. Ba1 Bf2 40. Bd4 Be1 41. Ba1 Bf2 42. Bd4 1/2-1/2

[Event "VIE-chB (Women)"]
[Site "Ba Dinh"]
[Date "2018.12.03"]
[Round "8"]
[White "Pham, Thi Thu Hien"]
[Black "Vu, Thi Dieu Ai"]
[Result "1-0"]
[WhiteElo "2092"]
[BlackElo "1818"]
[PlyCount "81"]
[EventDate "2018.11.28"]
[EventType "swiss"]
[EventRounds "9"]
[EventCountry "VIE"]
[SourceTitle "EXT 2021"]
[Source "ChessBase"]
[SourceDate "2020.10.23"]
[SourceVersion "1"]
[SourceVersionDate "2020.10.23"]
[SourceQuality "1"]

1. e4 c5 2. Nf3 Nc6 3. d4 cxd4 4. Nxd4 g6 5. c4 Bg7 6. Be3 Nf6 7. Nc3 Ng4 8. Qxg4 Nxd4 9. Qd1 Ne6 10. Qd2 0-0 11. Be2 d6 12. 0-0 b6 13. Bh6 Bb7 14. Bxg7 Nxg7 15. Rad1 f5 16. Qc2 fxe4 17. Nxe4 Bxe4 18. Qxe4 Rc8 19. Bg4 Rc5 20. Rd5 Rxd5 21. Qxd5+ Rf7 22. Re1 h5 23. Be6 Nxe6 24. Rxe6 Kg7 25. Qe4 Rf6 26. Rxe7+ Rf7 27. Re6 Rf6 28. Re8 Qd7 29. Re7+ Qxe7 30. Qxe7+ Rf7 31. Qxd6 Rf6 32. Qe5 a6 33. g4 hxg4 34. Kg2 Kf7 35. Qd5+ Ke7 36. Kg3 Rd6 37. Qe5+ Re6 38. Qc7+ Kf6 39. Kxg4 a5 40. f4 a4 41. h4 1-0

[Event "VIE-chB (Women)"]
[Site "Ba Dinh"]
[Date "2018.12.02"]
[Round "7"]
[White "Nguyen, Thi Thanh An"]
[Black "Pham, Thi Thu Hien"]
[Result "1/2-1/2"]
[WhiteElo "2262"]
[BlackElo "2092"]
[PlyCount "39"]
[EventDate "2018.11.28"]
[EventType "swiss"]
[EventRounds "9"]
[EventCountry "VIE"]
[SourceTitle "EXT 2021"]
[Source "ChessBase"]
[SourceDate "2020.10.23"]
[SourceVersion "1"]
[SourceVersionDate "2020.10.23"]
[SourceQuality "1"]

1. d4 Nf6 2. c4 e6 3. Nf3 Bb4+ 4. Nbd2 0-0 5. a3 Be7 6. e4 d6 7. Bd3 c5 8. Qc2 cxd4 9. Nxd4 Nc6 10. N2f3 e5 11. Nxc6 bxc6 12. h3 Qc7 13. 0-0 Be6 14. b4 a5 15. Bb2 Nh5 16. c5 Nf4 17. Rfd1 axb4 18. axb4 Rxa1 19. Bxa1 Nxd3 20. Qxd3 1/2-1/2

[Event "VIE-chB (Women)"]
[Site "Ba Dinh"]
[Date "2018.11.30"]
[Round "4"]
[White "Dong, Khanh Linh"]
[Black "Pham, Thi Thu Hien"]
[Result "1/2-1/2"]
[WhiteElo "1879"]
[BlackElo "2092"]
[PlyCount "100"]
[EventDate "2018.11.28"]
[EventType "swiss"]
[EventRounds "9"]
[EventCountry "VIE"]
[SourceTitle "EXT 2021"]
[Source "ChessBase"]
[SourceDate "2020.10.23"]
[SourceVersion "1"]
[SourceVersionDate "2020.10.23"]
[SourceQuality "1"]

1. d4 Nf6 2. c4 e6 3. Nf3 Bb4+ 4. Bd2 a5 5. g3 b6 6. Bg2 Bb7 7. 0-0 0-0 8. Nc3 Ne4 9. Nxe4 Bxe4 10. Bxb4 axb4 11. Ne1 Bxg2 12. Nxg2 d5 13. Ne3 dxc4 14. Nxc4 Nc6 15. e3 Qd5 16. Qc2 e5 17. Rfc1 b3 18. Nxb6 cxb6 19. Qxc6 Qxc6 20. Rxc6 Rxa2 21. Rb1 exd4 22. exd4 Rb8 23. Rc3 Rd8 24. Rxb3 Rxd4 25. Rxb6 g6 26. b4 Kg7 27. Rb3 Rdd2 28. Rf3 f5 29. h3 h5 30. h4 Ra1+ 31. Kg2 Raa2 32. Rf4 Rab2 33. Ra6 Rdc2 34. b5 Re2 35. Rc6 Kf7 36. b6 Re6 37. Rc7+ Re7 38. Rc6 Re6 39. Rc7+ Re7 40. Ra4 Rxb6 41. Rc8 Kf6 42. Kf3 Rbb7 43. Rac4 Re6 44. Rf8+ Rf7 45. Rfc8 Rfe7 46. R8c6 Kg7 47. Kf4 Rxc6 48. Rxc6 Re4+ 49. Kf3 Kf7 50. Rc3 Kf6 1/2-1/2

[Event "VIE-chB (Women)"]
[Site "Ba Dinh"]
[Date "2018.11.29"]
[Round "3"]
[White "Pham, Thi Thu Hien"]
[Black "Hoang, Thi Bao Tram"]
[Result "0-1"]
[WhiteElo "2092"]
[BlackElo "2323"]
[PlyCount "70"]
[EventDate "2018.11.28"]
[EventType "swiss"]
[EventRounds "9"]
[EventCountry "VIE"]
[SourceTitle "EXT 2021"]
[Source "ChessBase"]
[SourceDate "2020.10.23"]
[SourceVersion "1"]
[SourceVersionDate "2020.10.23"]
[SourceQuality "1"]

1. e4 c6 2. d4 d5 3. e5 g6 4. Nf3 Bg7 5. Bd3 Nh6 6. 0-0 0-0 7. Bg5 f6 8. exf6 exf6 9. Bf4 Qb6 10. Qc1 Nf7 11. c4 Be6 12. c5 Qd8 13. h4 Nd7 14. Re1 Re8 15. Qc2 Nf8 16. Nbd2 Qd7 17. a4 Bg4 18. Nh2 Ne6 19. Be3 f5 20. Nxg4 fxg4 21. h5 Nxd4 22. Bxd4 Bxd4 23. Nb3 Bf6 24. hxg6 Ne5 25. gxh7+ Kh8 26. Bf5 Qg7 27. Re3 Re7 28. Nd2 Bg5 29. Rg3 Bf4 30. Qc3 Bxg3 31. Qxg3 Qg5 32. f4 Qxf5 33. fxe5 Qxe5 34. Nf1 Rf8 35. Qxg4 Qxb2 0-1

[Event "VIE-ch (Women)"]
[Site "Ho Chi Minh City"]
[Date "2018.05.02"]
[Round "8"]
[White "Thai, Ngoc Tuong Minh"]
[Black "Pham, Thi Thu Hien"]
[Result "0-1"]
[WhiteElo "1311"]
[BlackElo "2142"]
[PlyCount "56"]
[EventDate "2018.04.27"]
[EventType "swiss"]
[EventRounds "9"]
[EventCountry "VIE"]
[SourceTitle "CBM 184 Extra"]
[Source "ChessBase"]
[SourceDate "2018.06.28"]
[SourceVersion "1"]
[SourceVersionDate "2018.06.28"]
[SourceQuality "1"]

1. e4 c5 2. Nf3 a6 3. Nc3 b5 4. d4 cxd4 5. Qxd4 Nc6 6. Qd3 d6 7. Be3 e6 8. 0-0-0 Be7 9. g3 Bb7 10. Bg2 Nf6 11. Nd4 Ne5 12. Qe2 Nc4 13. f4 Nxe3 14. Qxe3 Qc7 15. h3 Rc8 16. Rd2 Nd7 17. Rhd1 Nb6 18. Qf2 b4 19. Nb1 0-0 20. h4 d5 21. exd5 Bxd5 22. Bxd5 Nxd5 23. Qe2 Qa5 24. Nxe6 Nc3 25. Nxc3 bxc3 26. Rd5 Qxa2 27. bxc3 Qa1+ 28. Kd2 Qxc3+ 0-1

[Event "VIE-ch (Women)"]
[Site "Ho Chi Minh City"]
[Date "2018.04.30"]
[Round "6"]
[White "Pham, Thi Thu Hien"]
[Black "Le, Thuy An"]
[Result "1-0"]
[WhiteElo "2142"]
[BlackElo "1557"]
[PlyCount "61"]
[EventDate "2018.04.27"]
[EventType "swiss"]
[EventRounds "9"]
[EventCountry "VIE"]
[SourceTitle "CBM 184 Extra"]
[Source "ChessBase"]
[SourceDate "2018.06.28"]
[SourceVersion "1"]
[SourceVersionDate "2018.06.28"]
[SourceQuality "1"]

1. e4 c5 2. Nf3 d6 3. d4 cxd4 4. Nxd4 Nf6 5. Nc3 a6 6. Bg5 e6 7. f4 Nbd7 8. Qf3 Qc7 9. 0-0-0 b5 10. Bd3 Bb7 11. Rhe1 Rc8 12. Kb1 h6 13. Qh3 Nc5 14. Bxf6 gxf6 15. f5 e5 16. Nd5 Bxd5 17. exd5 Nxd3 18. Rxd3 Qa5 19. Qe3 b4 20. Nc6 Qc5 21. Qe4 a5 22. c3 Rg8 23. g3 h5 24. cxb4 axb4 25. Qxb4 Qf2 26. Red1 Qxf5 27. Qb5 e4 28. Re3 Bh6 29. Nd4+ Qd7 30. Rxe4+ Kd8 31. Nc6+ 1-0

[Event "Hanoi HD Bank op-A 8th"]
[Site "Hanoi"]
[Date "2018.03.10"]
[Round "2"]
[White "Pham, Thi Thu Hien"]
[Black "Laxman, Rajaram"]
[Result "0-1"]
[WhiteElo "2138"]
[BlackElo "2457"]
[PlyCount "108"]
[EventDate "2018.03.10"]
[EventType "swiss"]
[EventRounds "9"]
[EventCountry "VIE"]
[SourceTitle "CBM 183 Extra"]
[Source "ChessBase"]
[SourceDate "2018.04.19"]
[SourceVersion "1"]
[SourceVersionDate "2018.04.19"]
[SourceQuality "1"]

1. e4 e5 2. Nf3 Nc6 3. c3 Nf6 4. d4 Nxe4 5. d5 Ne7 6. Nxe5 Ng6 7. Nxg6 hxg6 8. Qe2 Qe7 9. g3 d6 10. Bg2 Nc5 11. Qxe7+ Bxe7 12. 0-0 Nd3 13. Na3 a6 14. Nc4 Bd7 15. Rd1 Nxc1 16. Raxc1 0-0-0 17. Na5 g5 18. c4 Bg4 19. Rd3 Bf6 20. Rb3 b6 21. Nc6 Rde8 22. a4 a5 23. Rb5 Kd7 24. b4 axb4 25. Rxb4 Bf5 26. Rb5 Re2 27. a5 Rhe8 28. h3 bxa5 29. Rxa5 Bb2 30. Rf1 Bf6 31. c5 dxc5 32. Rxc5 Kd6 33. Ra5 Re1 34. Kh2 Rxf1 35. Bxf1 Re1 36. Bg2 Be4 37. Nb4 Bxg2 38. Kxg2 Ra1 39. Rb5 Rb1 40. Rb8 Rb3 41. Kf1 Kd7 42. Ke2 Bd4 43. f4 gxf4 44. gxf4 f5 45. h4 Bc5 46. Na6 Rxb8 47. Nxb8+ Kd6 48. h5 Kxd5 49. Nd7 Bd6 50. Ke3 Kc6 51. Nb8+ Kb7 52. Nd7 Kc8 53. Ne5 Bxe5 54. fxe5 Kd7 0-1

[Event "VIE-ch (Women)"]
[Site "Bac Giang"]
[Date "2017.11.27"]
[Round "8"]
[White "Bach, Ngoc Thuy Duong"]
[Black "Pham, Thi Thu Hien"]
[Result "1/2-1/2"]
[WhiteElo "2000"]
[BlackElo "2138"]
[PlyCount "90"]
[EventDate "2017.11.23"]
[EventType "swiss"]
[EventRounds "9"]
[EventCountry "VIE"]
[SourceTitle "CBM 181 Extra"]
[Source "ChessBase"]
[SourceDate "2017.12.12"]
[SourceVersion "1"]
[SourceVersionDate "2017.12.12"]
[SourceQuality "1"]

1. d4 Nf6 2. c4 e6 3. Nc3 Bb4 4. Qc2 0-0 5. a3 Bxc3+ 6. Qxc3 d5 7. Bg5 Nbd7 8. e3 h6 9. Bh4 c6 10. Nf3 Re8 11. Bd3 dxc4 12. Qxc4 c5 13. dxc5 Nxc5 14. Bc2 b6 15. Rd1 Qe7 16. b4 Ba6 17. Qa2 Ncd7 18. Ba4 Red8 19. Nd4 Ne5 20. b5 Bb7 21. 0-0 Bd5 22. Bb3 Qb7 23. Bxd5 Qxd5 24. Qb1 Qc5 25. a4 Rd5 26. Rc1 Qa3 27. Bxf6 gxf6 28. Qe4 Rad8 29. Qh4 Kg7 30. Rc7 R8d7 31. Rc8 Ng6 32. Qe4 f5 33. Qc2 f4 34. Rc3 Qd6 35. Nf3 Rd1 36. Rc6 Qd5 37. Qc3+ Kh7 38. Qc2 Rxf1+ 39. Kxf1 fxe3 40. fxe3 Kg7 41. Ke2 Ne7 42. Rc4 Ng6 43. Rd4 Qb7 44. Rxd7 Qxd7 45. Qc3+ Kf8 1/2-1/2

[Event "VIE-ch (Women)"]
[Site "Bac Giang"]
[Date "2017.11.27"]
[Round "7"]
[White "Pham, Thi Thu Hien"]
[Black "Ngo, Thi Kim Tuyen"]
[Result "1-0"]
[WhiteElo "2138"]
[BlackElo "1995"]
[PlyCount "41"]
[EventDate "2017.11.23"]
[EventType "swiss"]
[EventRounds "9"]
[EventCountry "VIE"]
[SourceTitle "CBM 181 Extra"]
[Source "ChessBase"]
[SourceDate "2017.12.12"]
[SourceVersion "1"]
[SourceVersionDate "2017.12.12"]
[SourceQuality "1"]

1. e4 d5 2. exd5 Qxd5 3. Nc3 Qa5 4. d4 Nf6 5. Bc4 c6 6. Bd2 e6 7. Nf3 Be7 8. 0-0 0-0 9. Nd5 Qa4 10. Nxe7+ Kh8 11. b3 Qa3 12. Nxc8 Rxc8 13. Ne5 Nbd7 14. Nxf7+ Kg8 15. Bxe6 Re8 16. Re1 Nb6 17. Bg5 h6 18. Bxf6 gxf6 19. Nxh6+ Kg7 20. Qh5 Kf8 21. Qf7# 1-0

[Event "VIE-ch (Women)"]
[Site "Bac Giang"]
[Date "2017.11.23"]
[Round "1"]
[White "Pham, Thi Thu Hien"]
[Black "Nguyen, Thi Thao Linh"]
[Result "1-0"]
[WhiteElo "2138"]
[BlackElo "1800"]
[PlyCount "55"]
[EventDate "2017.11.23"]
[EventType "swiss"]
[EventRounds "9"]
[EventCountry "VIE"]
[SourceTitle "CBM 181 Extra"]
[Source "ChessBase"]
[SourceDate "2017.12.12"]
[SourceVersion "1"]
[SourceVersionDate "2017.12.12"]
[SourceQuality "1"]

1. e4 e5 2. Nf3 Nc6 3. c3 Nf6 4. d4 d5 5. dxe5 Nxe4 6. Bb5 Bc5 7. 0-0 0-0 8. Bxc6 bxc6 9. Nd4 Bd7 10. Bf4 Ng5 11. Nd2 Bb6 12. a4 a5 13. N2f3 Ne4 14. Nd2 Ng5 15. N4f3 Ne6 16. Bg3 c5 17. c4 c6 18. Qb3 Bc8 19. Rfd1 d4 20. Ne4 Bc7 21. Qa3 Rb8 22. Nxc5 Nxc5 23. Qxc5 Rxb2 24. Qa3 Rb4 25. Nxd4 Qg5 26. Nxc6 Rxc4 27. Ne7+ Kh8 28. Ng6+ 1-0

[Event "VIE-ch (Women)"]
[Site "Hanoi"]
[Date "2017.04.17"]
[Round "2"]
[White "Nguyen, Thi Thao Linh"]
[Black "Pham, Thi Thu Hien"]
[Result "0-1"]
[WhiteElo "1830"]
[BlackElo "2170"]
[PlyCount "116"]
[EventDate "2017.04.16"]
[EventType "swiss"]
[EventRounds "11"]
[EventCountry "VIE"]
[SourceTitle "CBM 178 Extra"]
[Source "ChessBase"]
[SourceDate "2017.06.22"]
[SourceVersion "1"]
[SourceVersionDate "2017.06.22"]
[SourceQuality "1"]

1. d4 Nf6 2. Nf3 e6 3. e3 c5 4. Bd3 d5 5. b3 cxd4 6. exd4 Nc6 7. 0-0 Bd6 8. Bb2 Nb4 9. Bb5+ Bd7 10. Bxd7+ Qxd7 11. c4 0-0 12. c5 Bc7 13. a3 Nc6 14. b4 a6 15. Ne5 Qe7 16. Nd2 Bxe5 17. dxe5 Nd7 18. Nf3 b6 19. Rc1 Rfc8 20. cxb6 Nxb6 21. Nd2 h6 22. Qb3 Qa7 23. Rc2 Rc7 24. Rfc1 Rac8 25. h3 Nd7 26. Qg3 Ncxe5 27. Rxc7 Rxc7 28. Nb3 Rxc1+ 29. Bxc1 Ng6 30. Be3 Qb7 31. Qd6 Nge5 32. Nc5 Nxc5 33. bxc5 Nc6 34. Qg3 Kh7 35. Qd6 Qb1+ 36. Kh2 Qb8 37. Kg1 Qxd6 38. cxd6 Nb8 39. Kf1 Kg6 40. Ke2 Kf6 41. f4 e5 42. Kd3 exf4 43. Bxf4 Nd7 44. Kd4 Ke6 45. h4 h5 46. Bg3 f6 47. Bf4 g5 48. hxg5 fxg5 49. Bxg5 Kxd6 50. Bf4+ Ke6 51. g3 Nb6 52. Kc5 Nc4 53. a4 Nb2 54. a5 Nd3+ 55. Kb6 Nxf4 56. gxf4 d4 57. Kxa6 d3 58. Kb7 d2 0-1

[Event "Ho Chi Minh City HD Bank op 7th"]
[Site "Ho Chi Minh City"]
[Date "2017.03.14"]
[Round "5"]
[White "Hesham, Abdelrahman"]
[Black "Pham, Thi Thu Hien"]
[Result "1-0"]
[WhiteElo "2336"]
[BlackElo "2154"]
[PlyCount "89"]
[EventDate "2017.03.12"]
[EventType "swiss"]
[EventRounds "9"]
[EventCountry "VIE"]
[SourceTitle "CBM 177 Extra"]
[Source "ChessBase"]
[SourceDate "2017.04.27"]
[SourceVersion "1"]
[SourceVersionDate "2017.04.27"]
[SourceQuality "1"]

1. d4 d5 2. c4 e6 3. Nc3 Nf6 4. Bg5 Nbd7 5. Nf3 c6 6. e3 Qa5 7. cxd5 exd5 8. Bd3 Ne4 9. 0-0 Nxg5 10. Nxg5 Nf6 11. f4 Bb4 12. Qc2 h6 13. Nf3 0-0 14. Ne5 c5 15. f5 c4 16. Be2 Bxc3 17. bxc3 Qa3 18. Bf3 b5 19. Rab1 Rb8 20. g4 b4 21. h4 b3 22. Qg2 bxa2 23. Rxb8 a1Q 24. Rxa1 Qxa1+ 25. Kh2 Qe1 26. Qg3 Qxe3 27. Bg2 Qd2 28. Kg1 Qc1+ 29. Kh2 Qd2 30. Nc6 Ne4 31. Qf3 Kh7 32. g5 Nd6 33. g6+ Kh8 34. gxf7 Rxf7 35. Qg3 Rf6 36. Ne7 Kh7 37. h5 Qe2 38. Nxc8 Nxf5 39. Qf3 Qe1 40. Rb2 Qh4+ 41. Kg1 Nxd4 42. Qe3 Nf5 43. Qe8 Qg5 44. Rf2 Qc1+ 45. Kh2 1-0

[Event "VIE-ch (Women)"]
[Site "Vietnam"]
[Date "2016.05.02"]
[Round "7"]
[White "Pham, Thi Thu Hien"]
[Black "Doan, Thi Hong Nhung"]
[Result "1-0"]
[WhiteElo "2168"]
[BlackElo "1946"]
[PlyCount "47"]
[EventDate "2016.04.27"]
[EventType "swiss"]
[EventRounds "9"]
[EventCountry "VIE"]
[SourceTitle "CBM 172 Extra"]
[Source "ChessBase"]
[SourceDate "2016.06.21"]
[SourceVersion "1"]
[SourceVersionDate "2016.06.21"]
[SourceQuality "1"]

1. e4 c5 2. Nf3 d6 3. d4 cxd4 4. Nxd4 Nf6 5. Nc3 g6 6. Be2 Bg7 7. Be3 Nc6 8. Qd2 d5 9. exd5 Nxd5 10. Nxd5 Qxd5 11. Bf3 Qc4 12. b3 Qa6 13. Be2 Qa3 14. Nb5 Qb2 15. Nc7+ Kf8 16. 0-0 Bc3 17. Bh6+ Kg8 18. Qd5 Rb8 19. Bc4 e6 20. Nxe6 Bg7 21. Nxg7 Qf6 22. Ne8 Qe7 23. Qxf7+ Qxf7 24. Nf6# 1-0

[Event "Ho Chi Minh City HD Bank op-A 6th"]
[Site "Ho Chi Minh City"]
[Date "2016.03.10"]
[Round "5"]
[White "Pham, Thi Thu Hien"]
[Black "Tran, Le Dan Thuy"]
[Result "1-0"]
[WhiteElo "2183"]
[BlackElo "2044"]
[PlyCount "51"]
[EventDate "2016.03.08"]
[EventType "swiss"]
[EventRounds "9"]
[EventCountry "VIE"]
[SourceTitle "CBM 171 Extra"]
[Source "ChessBase"]
[SourceDate "2016.04.26"]
[SourceVersion "1"]
[SourceVersionDate "2016.04.26"]
[SourceQuality "1"]

1. e4 c5 2. Nf3 d6 3. d4 cxd4 4. Nxd4 Nf6 5. Nc3 a6 6. Bg5 e6 7. f4 Be7 8. Qf3 Qc7 9. 0-0-0 b5 10. a3 Bb7 11. Bd3 Nbd7 12. Rhe1 Rc8 13. Kb1 Qb6 14. Nb3 Nc5 15. Qg3 Bc6 16. e5 dxe5 17. fxe5 Nh5 18. Qh4 Bxg5 19. Qxg5 g6 20. g4 Ng7 21. Nxc5 Qxc5 22. Be4 Bxe4 23. Nxe4 Qxc2+ 24. Ka1 0-0 25. Nf6+ Kh8 26. Rd2 1-0

[Event "VIE-ch (Women)"]
[Site "Hanoi"]
[Date "2016.??.??"]
[Round "6"]
[White "Nguyen, Thi Thanh An"]
[Black "Pham, Thi Thu Hien"]
[Result "1-0"]
[WhiteElo "2283"]
[BlackElo "2154"]
[PlyCount "63"]
[EventDate "2016.11.10"]
[EventType "swiss"]
[EventRounds "9"]
[EventCountry "VIE"]
[SourceTitle "EXT 2018"]
[Source "ChessBase"]
[SourceDate "2017.10.13"]
[SourceVersion "1"]
[SourceVersionDate "2017.10.13"]
[SourceQuality "1"]

1. d4 d5 2. c4 e6 3. Nc3 Nf6 4. cxd5 exd5 5. Bg5 c6 6. e3 Be7 7. Bd3 Nbd7 8. Qc2 Nh5 9. Bxe7 Qxe7 10. Nge2 g6 11. g4 Ng7 12. Ng3 Nb6 13. h3 h5 14. 0-0-0 h4 15. Nge2 Bd7 16. Kb1 0-0-0 17. Nf4 Qd6 18. Nb5 Qf6 19. Qc5 Ne8 20. Nxa7+ Kc7 21. Nb5+ Kb8 22. g5 Qxg5 23. Qxb6 cxb5 24. Bxb5 Bxb5 25. Qxb5 Nc7 26. Qa5 Rd6 27. Rc1 Qf5+ 28. Ka1 Rd7 29. Rc3 Na6 30. Rhc1 Rhd8 31. b4 g5 32. b5 1-0